Chân dung các nhà văn thế giới Dùng trong nhà trường T.2
Uloženo v:
| Hlavní autor: | |
|---|---|
| Médium: | Kniha |
| Jazyk: | Undetermined |
| Vydáno: |
H.
Giáo dục
2001
|
| Témata: | |
| On-line přístup: | http://lrc.tdmu.edu.vn/opac/search/detail.asp?aID=2&ID=7108 |
| Tagy: |
Přidat tag
Žádné tagy, Buďte první, kdo otaguje tento záznam!
|
| Thư viện lưu trữ: | Trung tâm Học liệu Trường Đại học Thủ Dầu Một |
|---|
| LEADER | 00655nam a2200217Ia 4500 | ||
|---|---|---|---|
| 001 | TDMU_7108 | ||
| 008 | 210410s9999 xx 000 0 und d | ||
| 082 | |a 895.922 092 | ||
| 090 | |b L566 | ||
| 100 | |a Lưu, Đức Trung | ||
| 245 | 0 | |a Chân dung các nhà văn thế giới | |
| 245 | 0 | |b Dùng trong nhà trường | |
| 245 | 0 | |c Lưu Đức Trung | |
| 245 | 0 | |n T.2 | |
| 260 | |a H. | ||
| 260 | |b Giáo dục | ||
| 260 | |c 2001 | ||
| 300 | |a 167tr | ||
| 650 | |a Tác giả; Nhà văn | ||
| 856 | |u http://lrc.tdmu.edu.vn/opac/search/detail.asp?aID=2&ID=7108 | ||
| 980 | |a Trung tâm Học liệu Trường Đại học Thủ Dầu Một | ||